El sistema de justicia criminal en Puerto Rico / (Registro nro. 11489)
[ vista simple ]
| 000 -LIDER | |
|---|---|
| fixed length control field | 00964cam a2200325 a 4500 |
| 001 - NÚMERO DE CONTROL | |
| Identificador de número de control | 840 |
| 003 - IDENTIFICACDOR DE NÚMERO DE CONTROL | |
| control field | DO-SdBNP |
| 005 - DATE AND TIME OF LATEST TRANSACTION | |
| control field | 20230322122900.0 |
| 007 - CAMPOS FIJOS DE DESCRIPCIÓN FÍSICA | |
| fixed length control field | 840 |
| 008 - ELEMENTOS DE LONGITUD FIJA | |
| fixed length control field | 060516s2012 pr a b 001 0 spa |
| 010 ## - NUMERO DE CONTROL DE BIBLIOTECA DEL CONGRESO | |
| LC control number | |
| 020 ## - ISBN | |
| International Standard Book Number | 0974842133 |
| 035 ## - NÚMERO LOCAL | |
| System control number | |
| 040 ## - FUENTE DE CATALOGACIÓN | |
| Agencia que crea de manera original el registro | BPMSU |
| Agencia que realiza la transcripción | spa |
| Enlace | BPMSU |
| 043 ## - CÓDIGO DE ÁREA GEOGRÁFICA | |
| Geographic area code | |
| 082 #4 - NÚMERO DE CLASIFICACIÓN DECIMAL DE DEWEY | |
| Classification number | 345.7295 |
| Item number | M239s 2012 |
| Edition number | 22 |
| 100 1# - ASIENTO PRINCIPAL -- NOMBRE PERSONAL | |
| Nombre personal | Malavet Vega, Pedro, |
| Fechas asociadas con el nombre | 1937- |
| 245 13 - MENCIÓN DE TITULO | |
| Título | El sistema de justicia criminal en Puerto Rico / |
| Mención de responsabilidad | Pedro Malavet Vega. |
| 250 ## - MENCIÓN DE EDICION | |
| Mención de edición | 4a. ed. |
| 260 ## - PUBLICACIÓN, DISTRIBUCIÓN, ETC. (PIE DE IMPRENTA) | |
| Lugar de publicación, distribución, etc | Ponce, Puerto Rico : |
| Nombre del editor, distribuidor, etc. | Ediciones Omar, |
| Fecha de publicación, distribución, etc | 2012 |
| 300 ## - DESCRIPCIÓN FÍSICA | |
| Extensión | 537 p. : |
| Otros detalles físicos | ill. ; |
| Dimensiones | 23 cm. |
| 504 ## - NOTA DE BIBLIOGRAFÍA, ETC. | |
| Bibliography, etc | Incluye referencias bibliográficas e índice |
| 590 ## - NOTA LOCAL | |
| Enlace | Inventariado, 2023/VM |
| 650 #4 - ENCABEZAMIENTO DE MATERIA--TEMÁTICO | |
| Término temático o nombre geográfico como elemento de entrada | Derecho penal |
| Subdivisión geográfica | Puerto Rico |
| 650 #4 - ENCABEZAMIENTO DE MATERIA--TEMÁTICO | |
| Término temático o nombre geográfico como elemento de entrada | Correcciones |
| Subdivisión geográfica | Puerto Rico |
| 650 #4 - ENCABEZAMIENTO DE MATERIA--TEMÁTICO | |
| Término temático o nombre geográfico como elemento de entrada | Tribunales |
| Subdivisión geográfica | Puerto Rico |
| 650 #4 - ENCABEZAMIENTO DE MATERIA--TEMÁTICO | |
| Término temático o nombre geográfico como elemento de entrada | Procedimiento penal |
| Subdivisión geográfica | Puerto Rico |
| 910 ## - VALIDACIÓN | |
| Validación | VMateo V. Control de calidad (BPMSU) |
| 942 ## - ADDED ENTRY ELEMENTS (KOHA) | |
| Source of classification or shelving scheme | Dewey Decimal Classification |
| Koha item type | Libros |
| Withdrawn status | Lost status | Source of classification or shelving scheme | Damaged status | Not for loan | Collection code | Home library | Current library | Date acquired | Source of acquisition | Full call number | Barcode | Date last seen | Price effective from | Koha item type | Copy number |
|---|---|---|---|---|---|---|---|---|---|---|---|---|---|---|---|
| Dewey Decimal Classification | Colección General | Biblioteca Pública Metropolitana Salomé Ureña | Biblioteca Pública Metropolitana Salomé Ureña | 09/23/2016 | Deposito legal | BPMSU CG 345.7295 M239s 2012 | BPMSU16090475 | 09/23/2016 | 09/23/2016 | Libros | |||||
| Dewey Decimal Classification | Colección General | Biblioteca Pública Metropolitana Salomé Ureña | Biblioteca Pública Metropolitana Salomé Ureña | 02/05/2018 | Deposito legal | BPMSU CG 345.7295 M239s 2012 | BPMSU18020048 | 02/05/2018 | 02/05/2018 | Libros | e.2 | ||||
| Dewey Decimal Classification | Colección General | Biblioteca Pública Metropolitana Salomé Ureña | Biblioteca Pública Metropolitana Salomé Ureña | 02/05/2018 | Deposito legal | BPMSU CG 345.7295 M239s 2012 | BPMSU18020049 | 02/05/2018 | 02/05/2018 | Libros | e.3 |